000 00252nam a2200109Ia 4500
008 190914s9999||||xx |||||||||||||| ||und||
100 _aKuratko, Hodgetts
245 0 _aEntrepreneurship
260 _aLondon
_bAddison
_c1999
300 _a787
942 _cBK
999 _c8486
_d8486